000 00471nam a2200193Ia 4500
008 210210b1909 xxu||||| |||| 00| 0 eng d
041 _aeng
082 _a538/55
100 _aTURNER (G C)
245 _aGraphical methods in applied mathematics
260 _aLondon
_bMacmillan & Co. Ltd.
_c1909
300 _a388
650 _amethods
650 _amathematics
650 _aGraphical
650 _aapplied
690 _aMathematical Physics
906 _a009003
999 _c127751
_d127751